| 000 | 00649nam a2200193 i 4500 | ||
|---|---|---|---|
| 001 | 62696 | ||
| 003 | ES-MaACL | ||
| 005 | 20230906164720.0 | ||
| 007 | t| | ||
| 008 | 031125s1979 sp ||||1| spa d | ||
| 100 | 1 |
_aFernández de Heredia, Claudio. _949664 |
|
| 245 | 1 | 0 |
_aRegulación de la expresión genética a nivel de transcripción durante la diferenciación de artemia salina / _cClaudio Fernández de Heredia. |
| 260 |
_aMadrid : _bFundación Juan March, _c[1979] |
||
| 300 |
_a48 p. ; _c21 cm. |
||
| 490 | 1 | _aSerie universitaria | |
| 830 | 0 |
_aSerie universitaria _9180747 |
|
| 852 |
_aES-MaACL _jA-10630 _bR.99739 |
||
| 999 |
_c62696 _d62696 |
||